Sports Quiz

Random Sports or Rugby Quiz

Quick Pick: Mens Rugby Sevens at the 2016 Olympics Quiz Stats

 Plays Quiz not verified by Sporcle

Challenge
Share
Tweet
Embed
Score 0/12 Timer 01:00
0 Plays Today
% Correct
New Zealand
92.9%
Australia
92.3%
Great Britain
88.2%
Fiji
87.6%
South Africa
87.6%
France
85.2%
United States
78.1%
Argentina
77.5%
Brazil
70.4%
Japan
70.4%
Kenya
69.2%
Spain
48.5%

You're not logged in!

Compare scores with friends on all Sporcle quizzes.
Join for Free
OR
Log In

You Might Also Like...

Show Comments

Extras

Top Quizzes Today


Score Distribution

Your Account Isn't Verified!

In order to create a playlist on Sporcle, you need to verify the email address you used during registration. Go to your Sporcle Settings to finish the process.

Report this User

Report this user for behavior that violates our Community Guidelines.

Details: